Übungen zur Stereochemie

Salvato in:
Dettagli Bibliografici
Autore principale: Hellwich, Karl-Heinz
Altri autori: Siebert, Carsten D.
Natura: Libro
Lingua:tedesco
Pubblicazione: Berlin Springer-Verlag 2003
Edizione:1. vyd.
Soggetti:
Accesso online:Visualizza in OPAC
Tags: Aggiungi Tag
Nessun Tag, puoi essere il primo ad aggiungerne!!

MARC

LEADER 00000nam a2200000 a 4500
005 20260127134206.0
008 050504 2003 gw 000 0 ger d
020 |a 3540012990 
035 |a vtls001564373 
039 9 |y 200505041212  |z mschk03 
040 |a STUSCHK1  |b slo  |c STUSCHK1  |e AACR2 
080 |a 541.25 
100 1 |a Hellwich, Karl-Heinz 
245 1 |a Übungen zur Stereochemie 
250 |a 1. vyd. 
260 |a Berlin  |b Springer-Verlag  |c 2003 
300 |a x, 197 s. 
650 0 |a stereochemie 
700 1 |a Siebert, Carsten D. 
910 |a SCHK95 
919 |a 3-540-01299-0 
999 |c 6286  |d 6286